01752cam a22003615i 4500999001700000001000800017003000900025005001700034008004100051020001500092020001800107040003800125082002000163245011000183264007500293264001000368300004900378336002600427337002800453338002700481504005100508520035600559650006100915650005500976650004901031650004501080650003201125653002701157655001701184700003101201942001201232952014601244 c27803d277744433930EG-ScBUE20191209102812.0940720t19951995mauab f b 001 0 eng d a0201825309 a9780201825305 aDLCbengerdacDLCdDLCdEG-ScBUE04a428.64bARR22210aArrivals :bcross-cultural experiences in literature /c[selected by] Jann Huizenga, College of Santa Fe. 1a[Reading, Massachusetts] :bAddison-Wesley Publishing Company,c[1995] 4cc1995 axi, 193 pages :billustrations, map ;c26 cm atextbtxt2rdacontent aunmediatedbn2rdamedia avolumebnc2rdacarrier aIncludes bibliographical references and index. a"Intermediate/High-Intermediate Level. Students will enjoy reading these absorbing stories, which will increase their ability to cope successfully with authentic text. Included are authentic selections from contemporary multicultural literature by Jamaica Kincaid, Sandra Cisneros, Andrei Codrescu, Richard Rodriguez, Liu Zongren and Hisaye Yamamoto." 7aEnglish languagexTextbooks for foreign speakers.2BUEsh 7aMulticulturalismxProblems, exercises, etc.2BUEsh 7aMinoritiesxProblems, exercises, etc.2BUEsh 7aReadersxMulticulturalism.2BUEsh936741 7aReadersxMinorities.2BUEsh bHHUUEENNcNovember2019 vReading book1 aHuizenga, Jann,ecompiler. 2ddccBB 00102ddc40708BaccahaMAINbMAINc2NDd2019-11-21ePurchaseg230.00l0o428.64 ARRp000048285r2025-07-15 00:00:00v287.50w2019-11-21yBB